000 01122nam a2200337 i 4500
001 000014826
003 DO-SdBNP
005 20241130074013.0
007 ta
008 100122s2007 dr ac 001 0 spa d
040 _aDO-SdBNP
_bspa
_cBNPHU
_erda
049 _aBNPD
082 4 _aRD864.44
_bP438A
_222
100 1 _aPérez, Odalís
_d1952-
_eautor
_923828
245 1 0 _aAída Cartagena Portalatín :
_bde entero cuerpo /
_cOdalís G. Pérez.
264 _aSanto Domingo :
_bUniversida Autónoma de Santo Domingo,
_c2007.
300 _a88 páginas ;
_c21 cm.
336 _2rdacontent
_atexto
_btxt
337 _2rdamedia
_asin mediación
_bn
338 _2rdacarrier
_avolumen
_bnc
490 1 _aPublicaciones de la Universida Autónoma de Santo Domingo
490 1 _avolumen
500 _aIncluye datos biográficos del autor en la contracubierta
590 _aInventariado, 2023/BT
600 1 0 _aCartagena Portalatín, Aída,
_d1918-1994
_923557
650 0 _aEnsayos dominicanos
_965
650 4 _aPoesía dominicana
_966
650 0 _aLiteratura dominicana.
_967
910 _aBtavárez
942 _2ddc
_cLBS1
999 _c14407
_d14407